00313nam a2200133Ia 4500008004100000020001500041041001200056082001600068100001500084245003000099260002700129300000800156650001500164221030s9999 xx 000 0 und d a8124202079 aEnglish a105.23bCus aB. Cushway 0aHuman Resource Management bCrest PubaIndiac2004 a232 aManagement